[Event "Mittelfrank Regionalliga Nord-Ost 2223"]
[Site "Mittelfranken"]
[Date "2022.11.27"]
[Round "3.3"]
[White "Hofmann, Tim"]
[Black "Nuding, Matthias"]
[Result "0-1"]
[WhiteElo "1765"]
[BlackElo "2046"]
[PlyCount "124"]
[EventDate "2022.10.09"]
[EventType "team-tourn"]
[EventRounds "9"]
[EventCountry "GER"]
[SourceTitle "EXT 2024"]
[Source "ChessBase"]
[SourceDate "2023.10.10"]
[SourceVersion "1"]
[SourceVersionDate "2023.10.10"]
[SourceQuality "1"]
[WhiteTeam "Nuernberg Sued SW II"]
[BlackTeam "Nuernberg Noris Tarrasch III"]
[WhiteTeamCountry "GER"]
[BlackTeamCountry "GER"]

1. b3 e5 2. Bb2 Nc6 3. e3 d5 4. Bb5 Bd6 5. Nf3 Qe7 6. c4 Nf6 7. c5 Bxc5 8. Nxe5 Bd7 9. Nxd7 Qxd7 10. 0-0 Be7 11. Nc3 a6 12. Bxc6 Qxc6 13. Rc1 Qe6 14. Ne2 c6 15. Nd4 Qe4 16. d3 Qg6 17. e4 dxe4 18. dxe4 Rd8 19. Qf3 0-0 20. Nf5 Rfe8 21. Rfd1 Bf8 22. Rxd8 Rxd8 23. Qf4 Qg4 24. Qxg4 Nxg4 25. h3 Nxf2 26. Rc2 Nxe4 27. Re2 Ng5 28. Ne7+ Kh8 29. Nf5 f6 30. Kh2 Kg8 31. h4 Nf7 32. h5 Ne5 33. Bxe5 fxe5 34. Rxe5 Rd5 35. Ne7+ Bxe7 36. Rxe7 Rxh5+ 37. Kg3 Rb5 38. Kf4 h6 39. g4 Kh7 40. Rd7 a5 41. Rd6 a4 42. bxa4 Rb4+ 43. Kf5 Rxa4 44. Rd7 b5 45. g5 hxg5 46. Rc7 Rc4 47. Kxg5 Rc5+ 48. Kf4 Kg6 49. Rd7 Kf6 50. Rd6+ Ke7 51. Rg6 Kf7 52. Rd6 g5+ 53. Kg4 Ke7 54. Rg6 Kd7 55. Rg7+ Kd6 56. Rb7 Rd5 57. a4 Rd4+ 58. Kxg5 Rxa4 59. Kf5 Rd4 60. Rb8 Kc5 61. Ke5 Rd5+ 62. Ke4 Kc4 0-1

[Event "Landesliga Nord 1819"]
[Site "Bayern"]
[Date "2018.12.16"]
[Round "4.7"]
[White "Lukas, Norbert"]
[Black "Nuding, Matthias"]
[Result "1/2-1/2"]
[WhiteElo "1922"]
[BlackElo "2033"]
[PlyCount "85"]
[EventDate "2018.10.21"]
[EventType "team-tourn"]
[EventRounds "9"]
[EventCountry "GER"]
[SourceTitle "EXT 2022"]
[Source "ChessBase"]
[SourceDate "2021.10.06"]
[SourceVersion "1"]
[SourceVersionDate "2021.10.06"]
[SourceQuality "1"]
[WhiteTeam "Schweinfurt"]
[BlackTeam "Nuernberg NT II"]
[WhiteTeamCountry "GER"]
[BlackTeamCountry "GER"]

1. e4 c6 2. d4 d5 3. e5 Bf5 4. c3 e6 5. a4 c5 6. Qb3 Qb6 7. Qxb6 axb6 8. Bb5+ Nc6 9. Be3 f6 10. Nf3 Kf7 11. Bxc6 bxc6 12. dxc5 Bxc5 13. Bxc5 bxc5 14. Nbd2 Ne7 15. 0-0 c4 16. b4 cxb3 17. Nxb3 Bc2 18. exf6 gxf6 19. Nfd4 Bg6 20. f4 Rhb8 21. Nc5 Bf5 22. Rfe1 Ra5 23. Ncxe6 Bxe6 24. Rxe6 Rc5 25. Rae1 Rb7 26. R1e3 Ng6 27. Nxc6 Rb1+ 28. Kf2 Rb2+ 29. Kf3 Nh4+ 30. Kg4 Nf5 31. Nd8+ Kg6 32. Rd3 Rxg2+ 33. Kh3 Rc2 34. Rc6 Ra5 35. Ne6 Rxa4 36. Rxd5 Ne7 37. f5+ Kh5 38. Rd4 Nxc6 39. Rxa4 Rxc3+ 40. Kg2 Rc2+ 41. Kg3 Rc3+ 42. Kg2 Rc2+ 43. Kg3 1/2-1/2

[Event "Oberliga Bayern 1718"]
[Site "Bayern"]
[Date "2017.11.26"]
[Round "3.5"]
[White "Nuding, Matthias"]
[Black "Kern, Johannes"]
[Result "1-0"]
[WhiteElo "2085"]
[BlackElo "2235"]
[PlyCount "119"]
[EventDate "2017.10.22"]
[EventType "team-tourn"]
[EventRounds "9"]
[EventCountry "GER"]
[SourceTitle "EXT 2020"]
[Source "ChessBase"]
[SourceDate "2019.10.17"]
[SourceVersion "1"]
[SourceVersionDate "2019.10.17"]
[SourceQuality "1"]
[WhiteTeam "Nuernberg NT II"]
[BlackTeam "Pang/Rosenheim"]
[WhiteTeamCountry "GER"]
[BlackTeamCountry "GER"]

1. d4 f5 2. Bg5 c6 3. Nc3 Qb6 4. Rb1 d5 5. e3 e6 6. Bd3 Bd6 7. Qh5+ g6 8. Qh4 Qc7 9. Nge2 Qg7 10. Bf4 Be7 11. Qg3 Nd7 12. h4 Nh6 13. Bg5 Nf6 14. b4 Nf7 15. Bxf6 Qxf6 16. b5 Bd6 17. Qf3 0-0 18. bxc6 bxc6 19. g4 e5 20. g5 Qe7 21. dxe5 Nxe5 22. Qg2 Bd7 23. 0-0 Rad8 24. Rb7 Bb8 25. Rfb1 Qd6 26. Nf4 d4 27. exd4 Qxd4 28. Nce2 Qc5 29. h5 Bd6 30. hxg6 Nxg6 31. Nxg6 hxg6 32. Qh3 Rf7 33. Qh6 Rh7 34. Qxg6+ Rg7 35. Qh6 f4 36. g6 Bf8 37. Qxf4 Be6 38. Rxg7+ Bxg7 39. Qh4 Re8 40. Qh7+ Kf8 41. Rb7 Qe5 42. Bf5 Bg8 43. Rf7+ Bxf7 44. gxf7 Rd8 45. Qg8+ Ke7 46. Ng3 Qf6 47. Be4 Bf8 48. Nf5+ Kd7 49. Qg4 Kc7 50. Qg3+ Bd6 51. Qe3 Kb8 52. Qb3+ Kc8 53. Qc4 Qg5+ 54. Kf1 Bc7 55. Qa6+ Kb8 56. f8Q Rxf8 57. Qxc6 Kc8 58. Qa8+ Kd7 59. Qxf8 Qc1+ 60. Ke2 1-0

[Event "Landesliga Nord 1617"]
[Site "Bayern"]
[Date "2017.02.19"]
[Round "6.3"]
[White "Nuding, Matthias"]
[Black "Reissner, Andreas"]
[Result "1-0"]
[WhiteElo "2069"]
[BlackElo "2018"]
[PlyCount "69"]
[EventDate "2016.10.16"]
[EventType "team-tourn"]
[EventRounds "9"]
[EventCountry "GER"]
[SourceTitle "EXT 2019"]
[Source "ChessBase"]
[SourceDate "2018.10.10"]
[SourceVersion "1"]
[SourceVersionDate "2018.10.10"]
[SourceQuality "1"]
[WhiteTeam "Nuernberg NT II"]
[BlackTeam "Marktleuthen"]
[WhiteTeamCountry "GER"]
[BlackTeamCountry "GER"]

1. e4 d6 2. d4 Nf6 3. Nc3 e5 4. Nf3 Nbd7 5. Bc4 Be7 6. 0-0 0-0 7. Re1 c6 8. a4 Qc7 9. h3 b6 10. Ba2 a6 11. Be3 Ne8 12. Qd3 exd4 13. Bxd4 Ne5 14. Nxe5 dxe5 15. Be3 g6 16. Rad1 Ng7 17. Bh6 b5 18. Qe3 b4 19. Nb1 Qa5 20. Bb3 Bc5 21. Qg5 Ra7 22. Nd2 Be7 23. Qg3 Qc7 24. Nc4 Bf6 25. Rd6 Be6 26. Red1 Re8 27. Bg5 Nh5 28. Qe3 Bxg5 29. Qxg5 f6 30. Qe3 Ng7 31. Qc5 a5 32. Rxc6 Qb7 33. Rcd6 Re7 34. Rd8+ Kf7 35. Nd6# 1-0

[Event "Staufer op 29th"]
[Site "Schwaebisch Gmuend"]
[Date "2017.01.02"]
[Round "1"]
[White "Nuding, Matthias"]
[Black "Jurek, Josef"]
[Result "0-1"]
[WhiteElo "2128"]
[BlackElo "2272"]
[PlyCount "64"]
[EventDate "2017.01.02"]
[EventType "swiss"]
[EventRounds "9"]
[EventCountry "GER"]
[SourceTitle "CBM 176 Extra"]
[Source "ChessBase"]
[SourceDate "2017.03.02"]
[SourceVersion "1"]
[SourceVersionDate "2017.03.02"]
[SourceQuality "1"]

1. Nf3 c5 2. g3 g6 3. Bg2 Bg7 4. 0-0 Nc6 5. d3 e5 6. e4 Nge7 7. Nbd2 0-0 8. Re1 d6 9. Nc4 f5 10. exf5 gxf5 11. a4 f4 12. c3 Ng6 13. h3 d5 14. Ncd2 Bf5 15. Qe2 c4 16. dxc4 e4 17. cxd5 exf3 18. Bxf3 Nce5 19. g4 Bd3 20. Qd1 Nh4 21. Bh1 f3 22. Qb3 Qd7 23. d6+ Kh8 24. Qd5 Be2 25. Ne4 Nd3 26. Nc5 Nxc5 27. Qxc5 Rae8 28. Qxa7 Qxd6 29. Be3 Be5 30. Bd4 Bxd4 31. cxd4 Ng6 32. Qc5 Qf6 0-1

[Event "Forchheim op-A 14th"]
[Site "Forchheim"]
[Date "2015.10.02"]
[Round "1"]
[White "Steinhart, Christoph"]
[Black "Nuding, Matthias"]
[Result "1-0"]
[WhiteElo "2059"]
[BlackElo "2140"]
[PlyCount "65"]
[EventDate "2015.10.02"]
[EventType "swiss"]
[EventRounds "5"]
[EventCountry "GER"]
[SourceTitle "EXT 2019"]
[Source "ChessBase"]
[SourceDate "2018.10.10"]
[SourceVersion "1"]
[SourceVersionDate "2018.10.10"]
[SourceQuality "1"]

1. e4 e6 2. d4 d5 3. Nd2 c5 4. exd5 Qxd5 5. Ngf3 cxd4 6. Bc4 Qd6 7. 0-0 Nf6 8. Nb3 Nc6 9. Nbxd4 Nxd4 10. Qxd4 Qxd4 11. Nxd4 Bd7 12. Be2 Rc8 13. Bf3 Bc5 14. Nb3 Bb6 15. Bd2 Bc6 16. Bxc6+ Rxc6 17. Rfc1 Ne4 18. Be1 0-0 19. a4 Rd8 20. a5 Bc7 21. f3 Nc5 22. Nxc5 Rxc5 23. a6 b6 24. c4 Be5 25. Rab1 Rc7 26. Bf2 Bd4 27. b4 g6 28. c5 Bxf2+ 29. Kxf2 Rdc8 30. cxb6 axb6 31. Rxc7 Rxc7 32. Ra1 Ra7 33. Ke3 1-0

[Event "Wiesbaden op 27th"]
[Site "Wiesbaden"]
[Date "2015.08.30"]
[Round "6"]
[White "Koellner, Ruben Gideon"]
[Black "Nuding, Matthias"]
[Result "0-1"]
[WhiteElo "1790"]
[BlackElo "2126"]
[PlyCount "68"]
[EventDate "2015.08.27"]
[EventType "swiss"]
[EventRounds "7"]
[EventCountry "GER"]
[SourceTitle "EXT 2016"]
[Source "ChessBase"]
[SourceDate "2015.10.08"]
[SourceVersion "1"]
[SourceVersionDate "2015.10.08"]
[SourceQuality "1"]

1. d4 e6 2. Nf3 c5 3. e3 Nf6 4. Bd3 d5 5. c3 Nc6 6. Nbd2 Bd6 7. 0-0 0-0 8. dxc5 Bxc5 9. e4 Qc7 10. Qe2 b6 11. e5 Ng4 12. Bxh7+ Kxh7 13. Ng5+ Kg8 14. Qxg4 Qxe5 15. Ndf3 Qf6 16. Qh5 Qh6 17. Qg4 e5 18. Qa4 Qf6 19. b4 Be7 20. Rd1 Rd8 21. Qb5 e4 22. Nd4 Nxd4 23. Rxd4 Bb7 24. Nh3 Qf5 25. Bb2 Bf6 26. Rdd1 Rac8 27. Rac1 Rc4 28. Rc2 Rdc8 29. Rdc1 Qg4 30. a4 d4 31. a5 d3 32. Rd2 Bxc3 33. Bxc3 Rxc3 34. Rxc3 Rxc3 0-1

[Event "Landesliga Nord 1314"]
[Site "Bayern"]
[Date "2014.03.16"]
[Round "8.6"]
[White "Just, Hannes"]
[Black "Nuding, Matthias"]
[Result "1-0"]
[WhiteElo "2137"]
[BlackElo "2143"]
[PlyCount "89"]
[EventDate "2013.10.13"]
[EventType "team"]
[EventRounds "9"]
[EventCountry "GER"]
[SourceTitle "EXT 2015"]
[Source "ChessBase"]
[SourceDate "2014.11.20"]
[SourceVersion "1"]
[SourceVersionDate "2014.11.20"]
[SourceQuality "1"]
[WhiteTeam "Nuernberg Sued SW"]
[BlackTeam "Nuernberg NT II"]
[WhiteTeamCountry "GER"]
[BlackTeamCountry "GER"]

1. e4 e6 2. d4 d5 3. Nc3 Bb4 4. e5 b6 5. Qg4 Bf8 6. Bd2 Qd7 7. a4 a5 8. Nb5 Ba6 9. h4 Nh6 10. Bxh6 gxh6 11. Nh3 c6 12. Nc3 Bxf1 13. Rxf1 Na6 14. Qe2 Be7 15. g3 Nb4 16. Nf4 0-0-0 17. Na2 Nxa2 18. Rxa2 c5 19. dxc5 Bxc5 20. Nd3 Be7 21. f3 Qc7 22. Kf2 Rhg8 23. c3 Kb7 24. b4 Qxc3 25. bxa5 Qd4+ 26. Qe3 Qxe3+ 27. Kxe3 bxa5 28. Rb1+ Ka7 29. Rb5 Rb8 30. Rxa5+ Kb6 31. Rb5+ Ka6 32. Rxb8 Rxb8 33. Rc2 Rb7 34. Rc8 Kb6 35. Rh8 f6 36. f4 fxe5 37. fxe5 Bc5+ 38. Ke2 Rg7 39. a5+ Kxa5 40. Nxc5 Rxg3 41. Rxh7 Rg4 42. Rxh6 Kb5 43. Nxe6 Re4+ 44. Kd3 Rxe5 45. Nd4+ 1-0

[Event "Landesliga Nord 1314"]
[Site "Bayern"]
[Date "2014.02.23"]
[Round "7.6"]
[White "Nuding, Matthias"]
[Black "Weigert, Wilhelm"]
[Result "1-0"]
[WhiteElo "2143"]
[BlackElo "2021"]
[PlyCount "115"]
[EventDate "2013.10.13"]
[EventType "team"]
[EventRounds "9"]
[EventCountry "GER"]
[SourceTitle "EXT 2015"]
[Source "ChessBase"]
[SourceDate "2014.11.20"]
[SourceVersion "1"]
[SourceVersionDate "2014.11.20"]
[SourceQuality "1"]
[WhiteTeam "Nuernberg NT II"]
[BlackTeam "Kelheim"]
[WhiteTeamCountry "GER"]
[BlackTeamCountry "GER"]

1. c4 Nf6 2. Nc3 c5 3. g3 Nc6 4. Bg2 g6 5. d3 Bg7 6. Nf3 0-0 7. 0-0 d5 8. cxd5 Nxd5 9. Nxd5 Qxd5 10. Ng5 Qd7 11. Rb1 b6 12. Be3 Bb7 13. Qa4 h6 14. Ne4 Rad8 15. Nc3 e5 16. Qh4 Kh7 17. g4 Nd4 18. Bxd4 Bxg2 19. Kxg2 cxd4 20. Ne4 f5 21. gxf5 Rxf5 22. f3 Rdf8 23. b3 Rf4 24. Qh3 Qe7 25. Rbc1 Rh4 26. Qg3 Rf5 27. Kh1 Rfh5 28. Rf2 Qb4 29. Rg2 g5 30. Qe1 Qxe1+ 31. Rxe1 Rf4 32. Rc1 Rf7 33. Rg4 Rh4 34. Rxh4 gxh4 35. Kg2 Kg6 36. Kh3 Bf8 37. Kxh4 Kf5 38. Kg3 Be7 39. Rc6 Rg7+ 40. Kf2 Bh4+ 41. Ng3+ Bxg3+ 42. hxg3 h5 43. a4 Rb7 44. b4 Rh7 45. a5 bxa5 46. bxa5 Re7 47. Rc5 Kf6 48. Rb5 Re6 49. f4 exf4 50. gxf4 h4 51. Rh5 Kg6 52. Rxh4 Ra6 53. Rg4+ Kf5 54. Kf3 Re6 55. Rg5+ Kf6 56. Rd5 Re3+ 57. Kf2 Ke6 58. Rxd4 1-0

[Event "Landesliga Nord 1314"]
[Site "Bayern"]
[Date "2014.02.09"]
[Round "6.5"]
[White "Nuding, Matthias"]
[Black "Seibold, Hubert"]
[Result "1/2-1/2"]
[WhiteElo "2143"]
[BlackElo "2163"]
[PlyCount "113"]
[EventDate "2013.10.13"]
[EventType "team"]
[EventRounds "9"]
[EventCountry "GER"]
[SourceTitle "EXT 2015"]
[Source "ChessBase"]
[SourceDate "2014.11.20"]
[SourceVersion "1"]
[SourceVersionDate "2014.11.20"]
[SourceQuality "1"]
[WhiteTeam "Nuernberg NT II"]
[BlackTeam "Zirndorf"]
[WhiteTeamCountry "GER"]
[BlackTeamCountry "GER"]

1. c4 c5 2. g3 Nf6 3. Bg2 g6 4. b3 Bg7 5. Bb2 Nc6 6. Nf3 d6 7. 0-0 0-0 8. Nc3 Ne4 9. Qc1 Nxc3 10. Bxc3 e5 11. d3 a6 12. Qd2 Rb8 13. e3 Qe7 14. Ne1 Bd7 15. Nc2 f5 16. f4 Kh8 17. Rad1 Rfe8 18. Rfe1 Rbd8 19. Bd5 Be6 20. Qg2 Bxd5 21. Qxd5 Qe6 22. Qxe6 Rxe6 23. Kf2 exf4 24. Bxg7+ Kxg7 25. exf4 Rxe1 26. Rxe1 Kf7 27. Re2 b5 28. Ne3 Nd4 29. Rd2 b4 30. Nc2 Nxc2 31. Rxc2 a5 32. a4 bxa3 33. Ra2 Rb8 34. Rxa3 h6 35. h4 Ke6 36. Ke3 Ra8 37. d4 Kf6 38. dxc5 dxc5 39. Kd2 g5 40. hxg5+ hxg5 41. fxg5+ Kxg5 42. Ke2 Kg4 43. Kf2 Ra7 44. Ra2 Rb7 45. Rxa5 Rxb3 46. Rxc5 Rf3+ 47. Ke1 Rxg3 48. Ra5 f4 49. c5 Re3+ 50. Kf2 Rc3 51. Ra2 Rxc5 52. Ra3 Rd5 53. Rb3 Rd2+ 54. Kf1 Ra2 55. Rc3 Ra4 56. Kf2 Kf5 57. Kf3 1/2-1/2

[Event "Landesliga Nord 1314"]
[Site "Bayern"]
[Date "2013.11.10"]
[Round "2.5"]
[White "Nuding, Matthias"]
[Black "Liepold, Stefan"]
[Result "1-0"]
[WhiteElo "2143"]
[BlackElo "2153"]
[PlyCount "55"]
[EventDate "2013.10.13"]
[EventType "team"]
[EventRounds "9"]
[EventCountry "GER"]
[SourceTitle "EXT 2015"]
[Source "ChessBase"]
[SourceDate "2014.11.20"]
[SourceVersion "1"]
[SourceVersionDate "2014.11.20"]
[SourceQuality "1"]
[WhiteTeam "Nuernberg NT II"]
[BlackTeam "Erlangen"]
[WhiteTeamCountry "GER"]
[BlackTeamCountry "GER"]

1. d4 Nf6 2. c4 g6 3. Nc3 d5 4. cxd5 Nxd5 5. e4 Nxc3 6. bxc3 Bg7 7. Be3 c5 8. Rc1 Qa5 9. Qd2 cxd4 10. cxd4 Qxd2+ 11. Kxd2 0-0 12. Bd3 Rd8 13. Ne2 Nc6 14. Rc4 Bd7 15. Rb1 b6 16. Rbc1 Na5 17. Rc7 e6 18. e5 f6 19. f4 b5 20. Bf2 Nc4+ 21. Bxc4 bxc4 22. Bh4 g5 23. exf6 Bxf6 24. Bxg5 Bxg5 25. fxg5 Bb5 26. Ke3 Rd6 27. Nc3 Ba6 28. Ne4 1-0

[Event "Karl Mala Memorial op-A 16th"]
[Site "Frankfurt"]
[Date "2013.07.14"]
[Round "7"]
[White "Nuding, Matthias"]
[Black "Syed, Tareq"]
[Result "1/2-1/2"]
[WhiteElo "2160"]
[BlackElo "2028"]
[PlyCount "101"]
[EventDate "2013.07.11"]
[EventType "swiss"]
[EventRounds "7"]
[EventCountry "GER"]
[SourceTitle "EXT 2014"]
[Source "ChessBase"]
[SourceDate "2013.11.20"]
[SourceVersion "1"]
[SourceVersionDate "2013.11.20"]
[SourceQuality "1"]

1. c4 d6 2. Nc3 Nf6 3. g3 e5 4. Bg2 Be7 5. d3 0-0 6. Nf3 c6 7. 0-0 Re8 8. Rb1 a6 9. b4 b5 10. cxb5 axb5 11. Qc2 Bb7 12. d4 Na6 13. dxe5 dxe5 14. a3 Qb8 15. Bg5 Nd5 16. Bxe7 Nxc3 17. Qxc3 Rxe7 18. Rfd1 e4 19. Ng5 e3 20. f4 c5 21. Bxb7 Qxb7 22. bxc5 h6 23. c6 Qb6 24. Nf3 Nc5 25. Ne5 Ne4 26. Qb4 Rxe5 27. fxe5 Qxc6 28. Qxb5 Qxb5 29. Rxb5 Nc3 30. Rbd5 Nxd1 31. Rxd1 Rxa3 32. Rd8+ Kh7 33. Rd3 Ra2 34. Rxe3 Ra6 35. Kf2 Re6 36. Kf3 g5 37. Ke4 Kg6 38. g4 Ra6 39. h3 Ra4+ 40. Kd5 Ra5+ 41. Kc4 Ra6 42. Rd3 Ra2 43. Re3 Ra6 44. Kc5 Re6 45. Kd5 Kg7 46. Re4 Ra6 47. e6 fxe6+ 48. Rxe6 Ra3 49. e3 Ra1 50. Ke5 Rh1 51. Ra6 1/2-1/2

[Event "Karl Mala Memorial op-A 16th"]
[Site "Frankfurt"]
[Date "2013.07.13"]
[Round "5"]
[White "Nuding, Matthias"]
[Black "Barnickel, Josef"]
[Result "1/2-1/2"]
[WhiteElo "2160"]
[BlackElo "2035"]
[PlyCount "39"]
[EventDate "2013.07.11"]
[EventType "swiss"]
[EventRounds "7"]
[EventCountry "GER"]
[SourceTitle "EXT 2014"]
[Source "ChessBase"]
[SourceDate "2013.11.20"]
[SourceVersion "1"]
[SourceVersionDate "2013.11.20"]
[SourceQuality "1"]

1. Nf3 Nf6 2. c4 e6 3. g3 b6 4. Bg2 Bb7 5. Nc3 c5 6. 0-0 Be7 7. b3 0-0 8. Bb2 a6 9. e3 d5 10. cxd5 Nxd5 11. Nxd5 Bxd5 12. Qe2 Ra7 13. d4 cxd4 14. Nxd4 Bxg2 15. Kxg2 Bf6 16. Nf3 Bxb2 17. Qxb2 Rc7 18. Rac1 h6 19. Rfd1 Qc8 20. Rxc7 1/2-1/2

[Event "Landesliga Nord 1213"]
[Site "Bayern"]
[Date "2013.04.14"]
[Round "9.7"]
[White "Nuding, Matthias"]
[Black "Zauner, Josef"]
[Result "1/2-1/2"]
[WhiteElo "2056"]
[BlackElo "2110"]
[PlyCount "85"]
[EventDate "2012.10.14"]
[EventType "team-tourn"]
[EventRounds "9"]
[EventCountry "GER"]
[SourceTitle "EXT 2015"]
[Source "ChessBase"]
[SourceDate "2014.11.20"]
[SourceVersion "1"]
[SourceVersionDate "2014.11.20"]
[SourceQuality "1"]
[WhiteTeam "Nuernberg NT II"]
[BlackTeam "Kareth Lappersdorf"]
[WhiteTeamCountry "GER"]
[BlackTeamCountry "GER"]

1. Nf3 Nf6 2. c4 g6 3. g3 Bg7 4. Bg2 0-0 5. 0-0 d6 6. Nc3 e5 7. d3 h6 8. Rb1 a5 9. a3 Re8 10. Nd2 c6 11. b4 axb4 12. axb4 d5 13. Qc2 Be6 14. cxd5 cxd5 15. Na4 Nc6 16. e3 Rc8 17. Nc5 Bf5 18. e4 dxe4 19. dxe4 Bg4 20. Nxb7 Qe7 21. Nc5 Nxb4 22. Rxb4 Rxc5 23. Qb2 Rec8 24. Rb8 Qc7 25. Rxc8+ Bxc8 26. Re1 Rc2 27. Qb1 Bf8 28. Nf1 Qc3 29. Be3 Ng4 30. Qa1 Bb4 31. Rd1 Be6 32. Qxc3 Bxc3 33. Bf3 h5 34. Bxg4 Bxg4 35. Rc1 Rxc1 36. Bxc1 Bf3 37. Nd2 Bxd2 38. Bxd2 Bxe4 39. f4 exf4 40. Bxf4 Kg7 41. h4 Kf6 42. Bc7 Kf5 43. Kf2 1/2-1/2

[Event "Staufer op 25th"]
[Site "Schwaebisch Gmuend"]
[Date "2013.01.03"]
[Round "4"]
[White "Foerderreuther, Jonas"]
[Black "Nuding, Matthias"]
[Result "1/2-1/2"]
[WhiteElo "1979"]
[BlackElo "2180"]
[PlyCount "70"]
[EventDate "2013.01.02"]
[EventType "swiss"]
[EventRounds "9"]
[EventCountry "GER"]
[SourceTitle "CBM 152 Extra"]
[Source "ChessBase"]
[SourceDate "2013.02.25"]
[SourceVersion "1"]
[SourceVersionDate "2013.02.25"]
[SourceQuality "1"]

1. e4 c6 2. d4 d5 3. Nc3 dxe4 4. Nxe4 Bf5 5. Ng3 Bg6 6. h4 h6 7. Nf3 Nd7 8. h5 Bh7 9. Bd3 Bxd3 10. Qxd3 e6 11. Bd2 Ngf6 12. 0-0-0 Be7 13. Kb1 0-0 14. Ne4 Nxe4 15. Qxe4 Nf6 16. Qe2 Qd5 17. Be3 Rfd8 18. Ne5 Kf8 19. g4 Nd7 20. Nd3 e5 21. dxe5 Nxe5 22. Bc5 Bxc5 23. Nxe5 Qe6 24. Ng6+ Kg8 25. Qxe6 fxe6 26. f4 Bd4 27. Rd3 Bf6 28. Rhd1 Rxd3 29. Rxd3 Rd8 30. Rxd8+ Bxd8 31. c3 Bc7 32. Kc2 Kf7 33. Kd3 Kf6 34. Ke4 Bd6 35. c4 b6 1/2-1/2